000 00670nas a2200241 4500
001 BR9210311
003 BR-BrBNA
005 20231205093347.0
007 ta
008 230509b bl.|||p| |||| 00| 00por d
040 _aBR-BrBNA
_bpor
_cBiblioteca Nacional de Agricultura
041 _a(Pt)
072 _aL02
100 1 _aDiegues, F.
245 1 _aO bife usa doping na corrida para chegar a mesa [anabolizante]
650 _aGADO DE CORTE
650 _aENGORDA
650 _aANABOLIZANTE
650 _aPRATICO
773 0 _tGuia Rural (Brazil)
_x
_g(Jan 1989), v. 3(1) p. 28-30
_wBR9210311
909 _a202311
_bLúcia
_c55
_dLúcia Elande
942 _2AGRIS
_n0
_cANA
999 _c137795
_d137795